000
00315nam a2200133Ia 4500
001
2624
008
241024s9999 xx 000 0 und d
082
_a
RD/370.97293/ID19c
100
_a
IDEICE
245
0
_a
Carpeta Informativa
260
_b
Santo Domingo
_c
2008
901
_a
29/11/2012 10:43:29 a.m.
999
_c
9154
_d
9154